National Capital Rivers Quiz Stats

 Plays Quiz not verified by Sporcle

Challenge
Share
Tweet
Embed
Score 0/50 Timer 10:00
0 Plays Today
% Correct
Paris
87.9%
London
81.8%
Washington
81.8%
Rome
75.8%
Baghdad
72.7%
Kiev
72.7%
Dublin
69.7%
Juba
63.6%
Warsaw
60.6%
Bangkok
57.6%
Bern
57.6%
Hanoi
57.6%
Lisbon
57.6%
Berlin
54.5%
Vientiane
54.5%
Madrid
51.5%
Prague
51.5%
Pyongyang
51.5%
Brussels
45.5%
Vaduz
45.5%
Seoul
36.4%
Tokyo
36.4%
Beijing
33.3%
Lima
33.3%
Ulaanbaatar
33.3%
% Correct
Tirana
30.3%
Delhi
27.3%
Tegucigalpa
27.3%
Gaborone
24.2%
Manila
24.2%
Minsk
24.2%
Sarajevo
24.2%
Canberra
21.2%
Podgorica
21.2%
Tashkent
21.2%
Yerevan
21.2%
Bucharest
18.2%
Chișinău
18.2%
N’Djamena
18.2%
Astana
15.2%
Bissau
15.2%
Caracas
15.2%
Tblisi
15.2%
Damascas
12.1%
Kathmandu
12.1%
Pretoria
9.1%
Antananarivo
6.1%
Dhaka
6.1%
Islamabad
6.1%
Monrovia
6.1%

You're not logged in!

Compare scores with friends on all Sporcle quizzes.
OR
Log In

You Might Also Like...

Show Comments

Extras

Top Quizzes Today


Score Distribution

Your Account Isn't Verified!

In order to create a playlist on Sporcle, you need to verify the email address you used during registration. Go to your Sporcle Settings to finish the process.

Report this User

Report this user for behavior that violates our Community Guidelines.

Details: